Law of investment and securities

Enregistré dans:
Détails bibliographiques
Auteur principal: Myneni, S. R
Autres auteurs: Lakshinath, A.
Format: Livre
Publié: Hyderabad : Asia Law House, c2006
Sujets:
Tags: Ajouter un tag
Pas de tags, Soyez le premier à ajouter un tag!

MARC

LEADER 00000nam a2200000 4500
005 20251201130710.0
020 |a N/A  |c TZS 13941.194/= 
040 |a MCCL  |b eng.  |e AACR 2nd. rev. ed. 
082 |a 346.092 MYN 
100 |a Myneni, S. R 
245 |a Law of investment and securities  |c / S. R. Myneni, foreword by A. Lakshinath 
260 |a Hyderabad :   |b Asia Law House,   |c c2006 
300 |a xlviii, 638 p. ;   |c 25 cm. 
504 |a Includes bibliography 
650 |a Investment law  |z India 
650 |a Company law  |z India 
650 |a Investment securities 
700 |a Lakshinath, A.  
942 |c BK 
999 |c 12493  |d 12493